[Event "British Rapidplay"]
[Site "Peterborough"]
[Date "2025.03.02"]
[Round "7.49"]
[White "Gupta, Leonardo"]
[Black "Baer, Bruce L"]
[Result "0-1"]
[WhiteElo "1885"]
[BlackElo "1976"]
[PlyCount "138"]
[EventDate "2025.03.01"]
[EventType "swiss (rapid)"]
[EventRounds "11"]
[EventCountry "ENG"]
[SourceTitle "BritBase"]
[Source "John Saunders"]
[SourceDate "2025.03.03"]
[SourceVersion "1"]
[SourceVersionDate "2025.03.03"]
[SourceQuality "2"]

1. e4 g6 2. d4 Bg7 3. Nc3 a6 4. f4 b5 5. Nf3 Bb7 6. Bd3 d6 7. Be3 Nd7 8. O-O c5 9. e5 cxd4 10. Bxd4 Nh6 11. Qe2 O-O 12. a3 Rc8 13. Be4 Bxe4 14. Qxe4 Nc5 15. Qe2 Nf5 16. Bf2 e6 17. g4 Ne7 18. Rad1 d5 19. Bh4 Qc7 20. Qg2 Nc6 21. Ne2 Ne4 22. c3 Na5 23. Ng3 Nc4 24. Rfe1 Qb6+ 25. Nd4 Nxb2 26. Qxb2 Nxc3 27. Rd3 Na4 28. Qf2 Rc4 29. Nde2 Qxf2+ 30. Kxf2 Rfc8 31. Rb1 Bf8 32. Kf3 Rc2 33. Bf6 Ra2 34. h4 Rcc2 35. h5 Nc5 36. Rdd1 Rxa3+ 37. Kf2 Rxg3 38. Kxg3 Rxe2 39. hxg6 fxg6 40. Rbc1 Re3+ 41. Kf2 Re4 42. Kg3 b4 43. Bd8 b3 44. Bb6 b2 45. Rb1 Na4 46. Bd4 Ba3 47. Kf3 a5 48. Rd3 Rxd4 49. Rxd4 Nc3 50. Re1 Bb4 51. Rh1 b1=Q 52. Rxb1 Nxb1 53. f5 gxf5 54. gxf5 exf5 55. Rxd5 Kf7 56. Rd7+ Ke6 57. Rxh7 Kxe5 58. Ra7 Nc3 59. Kg2 Kf4 60. Ra8 Ke3 61. Re8+ Ne4 62. Rh8 f4 63. Rh3+ Ng3 64. Rh6 Be1 65. Re6+ Ne4 66. Kf1 Bb4 67. Rh6 f3 68. Rh3 a4 69. Rh5 Ng3+ 0-1

[Event "British Rapidplay"]
[Site "Peterborough"]
[Date "2025.03.02"]
[Round "7.50"]
[White "Mokhber-Garcia, Sebastian"]
[Black "Riddoch, Alan"]
[Result "1-0"]
[WhiteElo "1908"]
[BlackElo "1751"]
[PlyCount "85"]
[EventDate "2025.03.01"]
[EventType "swiss (rapid)"]
[EventRounds "11"]
[EventCountry "ENG"]
[SourceTitle "BritBase"]
[Source "John Saunders"]
[SourceDate "2025.03.03"]
[SourceVersion "1"]
[SourceVersionDate "2025.03.03"]
[SourceQuality "2"]

1. e4 c5 2. Nf3 Nc6 3. d4 cxd4 4. Nxd4 e5 5. Nb5 d6 6. N1c3 a6 7. Na3 b5 8. Nd5 Nf6 9. Bg5 Be7 10. Bxf6 Bxf6 11. c4 b4 12. Nc2 a5 13. a3 b3 14. Nce3 a4 15. Be2 O-O 16. O-O Bb7 17. Nf5 Ne7 18. Nxf6+ gxf6 19. Nxd6 Bc6 20. f4 exf4 21. c5 Ng6 22. Bc4 Kg7 23. Nf5+ Kh8 24. Bd5 Rc8 25. Rc1 Qc7 26. h4 Qe5 27. Nd6 Rc7 28. h5 Ne7 29. Nc4 Qg5 30. Bxc6 Nxc6 31. Qd6 Rcc8 32. Nb6 Rfd8 33. Qxf4 Qxf4 34. Rxf4 Rb8 35. Rxf6 Kg7 36. Rxc6 Rd2 37. h6+ Kf8 38. Nc4 Rc2 39. Rf1 Re8 40. Nd6 Rd8 41. Rxf7+ Kg8 42. Rg7+ Kf8 43. Rcc7 1-0

[Event "British Rapidplay"]
[Site "Peterborough"]
[Date "2025.03.02"]
[Round "7.51"]
[White "Sajanani, Vikas"]
[Black "Shankar, Yashwardhan"]
[Result "1-0"]
[WhiteElo "1902"]
[BlackElo "1767"]
[PlyCount "95"]
[EventDate "2025.03.01"]
[EventType "swiss (rapid)"]
[EventRounds "11"]
[EventCountry "ENG"]
[SourceTitle "BritBase"]
[Source "John Saunders"]
[SourceDate "2025.03.03"]
[SourceVersion "1"]
[SourceVersionDate "2025.03.03"]
[SourceQuality "2"]

1. e4 c5 2. Nf3 d6 3. d4 cxd4 4. Nxd4 Nf6 5. Nc3 g6 6. g3 Bg7 7. Bg2 Nc6 8. Nxc6 bxc6 9. e5 Nd5 10. Nxd5 cxd5 11. exd6 e6 12. O-O Qxd6 13. Re1 O-O 14. c4 Bb7 15. Rb1 Rac8 16. Qb3 Ba8 17. cxd5 Bxd5 18. Bxd5 Qxd5 19. Qa3 h5 20. h4 a5 21. Be3 Rc4 22. Rbd1 Qf5 23. Rd2 Rg4 24. Ree2 Rc8 25. Rd1 Bf6 26. Bb6 Bxh4 27. Qxa5 Qf3 28. Qa6 Ra8 29. Qd3 Qxd3 30. Rxd3 Rxa2 31. Bd4 Be7 32. Bc3 Ra8 33. Rd7 Bc5 34. Kg2 h4 35. Kh3 Rga4 36. gxh4 Ra1 37. Bf6 Rh1+ 38. Kg2 Rb1 39. Rc2 Bb6 40. Rc6 Ba5 41. Rc5 Bb6 42. Rb5 Ba5 43. Rxa5 Rc8 44. Raa7 Rf8 45. Be7 Re8 46. Ba3 Kh7 47. Rxf7+ Kh6 48. Rh7# 1-0

[Event "British Rapidplay"]
[Site "Peterborough"]
[Date "2025.03.02"]
[Round "7.52"]
[White "Sasikumar, Srivathsan"]
[Black "Takvorian, Sebouh"]
[Result "0-1"]
[WhiteElo "1868"]
[BlackElo "1802"]
[PlyCount "72"]
[EventDate "2025.03.01"]
[EventType "swiss (rapid)"]
[EventRounds "11"]
[EventCountry "ENG"]
[SourceTitle "BritBase"]
[Source "John Saunders"]
[SourceDate "2025.03.03"]
[SourceVersion "1"]
[SourceVersionDate "2025.03.03"]
[SourceQuality "2"]

1. e4 e6 2. d4 d5 3. Be3 dxe4 4. Nd2 Nf6 5. c3 Bd7 6. g3 Nd5 7. Bg2 f5 8. Ne2 Bd6 9. O-O O-O 10. c4 Nxe3 11. fxe3 c5 12. Qb3 cxd4 13. Nxd4 Nc6 14. Qxb7 Ne5 15. Qa6 Qe7 16. a3 Rfb8 17. b4 Nd3 18. c5 Be5 19. c6 Bxd4 20. exd4 Rb6 21. Qa5 Bxc6 22. Nc4 Rb5 23. Qa6 Qd7 24. Kh1 Bb7 25. Qa4 Bc6 26. Qa6 Rd5 27. a4 Bb7 28. Ne5 Nxe5 29. Qe2 Rxd4 30. Rac1 Rd2 31. Qe3 Ng4 32. Qf4 Rd8 33. Rc7 Qd5 34. h3 Rxg2 35. Qg5 Rh2+ 36. Kg1 Qd4+ 0-1

[Event "British Rapidplay"]
[Site "Peterborough"]
[Date "2025.03.02"]
[Round "7.53"]
[White "Nilim, Armaan"]
[Black "Bramson, Mike"]
[Result "1/2-1/2"]
[WhiteElo "1848"]
[BlackElo "1895"]
[PlyCount "45"]
[EventDate "2025.03.01"]
[EventType "swiss (rapid)"]
[EventRounds "11"]
[EventCountry "ENG"]
[SourceTitle "BritBase"]
[Source "John Saunders"]
[SourceDate "2025.03.03"]
[SourceVersion "1"]
[SourceVersionDate "2025.03.03"]
[SourceQuality "2"]

1. d4 d5 2. Nc3 Nf6 3. Bf4 c6 4. e3 Bf5 5. f3 e6 6. g4 Bg6 7. h4 h6 8. Bd3 Bxd3 9. Qxd3 Bd6 10. Nge2 Na6 11. O-O-O Nb4 12. Qd2 a5 13. g5 Ng8 14. Rhg1 h5 15. g6 f6 16. e4 Qc7 17. a3 Na6 18. exd5 exd5 19. Na4 Ne7 20. Bxd6 Qxd6 21. Nf4 b5 22. Nb6 Rb8 23. Rde1 1/2-1/2

[Event "British Rapidplay"]
[Site "Peterborough"]
[Date "2025.03.02"]
[Round "7.54"]
[White "Lee, Yuk Hei"]
[Black "Naylor-Eade, Michael A"]
[Result "1/2-1/2"]
[WhiteElo "1877"]
[BlackElo "1989"]
[PlyCount "146"]
[EventDate "2025.03.01"]
[EventType "swiss (rapid)"]
[EventRounds "11"]
[EventCountry "ENG"]
[SourceTitle "BritBase"]
[Source "John Saunders"]
[SourceDate "2025.03.03"]
[SourceVersion "1"]
[SourceVersionDate "2025.03.03"]
[SourceQuality "2"]

1. e4 e5 2. Nf3 Nc6 3. Bc4 Bc5 4. c3 Nf6 5. d3 a6 6. a4 d6 7. h3 h6 8. Nbd2 O-O 9. O-O Be6 10. Bb3 d5 11. exd5 Bxd5 12. Re1 Re8 13. Bc2 a5 14. Ne4 Nxe4 15. dxe4 Be6 16. Qe2 Qf6 17. Be3 Bd6 18. Nd2 Ne7 19. Nf1 Ng6 20. Ng3 Nf4 21. Bxf4 Qxf4 22. Rad1 Bc5 23. Nf1 Rad8 24. Ne3 Rxd1 25. Rxd1 Bxe3 26. Qxe3 Qxe3 27. fxe3 Kf8 28. b4 Ra8 29. Kf2 Ke7 30. Ke2 f6 31. Kf3 Bd7 32. b5 Be6 33. Bd3 Rd8 34. Ke2 b6 35. g4 h5 36. Rg1 hxg4 37. hxg4 Rh8 38. Rg2 g5 39. Bc2 Rh4 40. Kf3 Rh3+ 41. Ke2 Bc4+ 42. Kd2 Rh4 43. Bd1 Ke6 44. Be2 Bb3 45. Bd1 Bxd1 46. Kxd1 Rh1+ 47. Kc2 Re1 48. Rg3 Re2+ 49. Kb3 Kd6 50. Rf3 Ke7 51. Rg3 Ke6 52. Kc4 Rb2 53. Rg1 Ra2 54. Kb3 Rf2 55. Rg3 Kd6 56. Kc4 Rf1 57. Rg2 Rf3 58. Kd3 Rh3 59. Rf2 Ke6 60. Rg2 Rh1 61. Kc4 Rd1 62. Rg3 Rd2 63. Kb3 Ke7 64. Kc4 Kd6 65. Rf3 Ke6 66. Rg3 Ra2 67. Kb3 Ra1 68. Rg2 Rb1+ 69. Kc4 Re1 70. Rg3 Rf1 71. Rg2 Kd6 72. Rd2+ Ke6 73. Rg2 Ra1 1/2-1/2

[Event "British Rapidplay"]
[Site "Peterborough"]
[Date "2025.03.02"]
[Round "7.55"]
[White "McCarthy, Kevin C"]
[Black "Keshari, Krish"]
[Result "1/2-1/2"]
[WhiteElo "1944"]
[BlackElo "1669"]
[PlyCount "67"]
[EventDate "2025.03.01"]
[EventType "swiss (rapid)"]
[EventRounds "11"]
[EventCountry "ENG"]
[SourceTitle "BritBase"]
[Source "John Saunders"]
[SourceDate "2025.03.03"]
[SourceVersion "1"]
[SourceVersionDate "2025.03.03"]
[SourceQuality "2"]

1. c4 e5 2. g3 Nf6 3. Bg2 Nc6 4. Nc3 Bb4 5. Qc2 O-O 6. e3 Bxc3 7. bxc3 d6 8. Ne2 Ne7 9. d4 Ng6 10. O-O c6 11. Ba3 Re8 12. Rfd1 e4 13. Rab1 Be6 14. c5 dxc5 15. Bxc5 b6 16. Ba3 Qd5 17. Ra1 Bg4 18. Re1 Bf3 19. Nf4 Nxf4 20. exf4 Bxg2 21. Kxg2 Qh5 22. h3 Qf3+ 23. Kh2 Nd5 24. Qe2 Qxe2 25. Rxe2 Nxc3 26. Rc2 Nb5 27. Bb2 e3 28. f3 Rad8 29. Re1 Nxd4 30. Bxd4 Rxd4 31. Rxc6 Rd2+ 32. Kg1 Rxa2 33. Rxe3 Rd8 34. Rd3 1/2-1/2

[Event "British Rapidplay"]
[Site "Peterborough"]
[Date "2025.03.02"]
[Round "7.56"]
[White "Fearnhead, Benjamin"]
[Black "Kennedy, Aden"]
[Result "1-0"]
[WhiteElo "1881"]
[BlackElo "1913"]
[PlyCount "105"]
[EventDate "2025.03.01"]
[EventType "swiss (rapid)"]
[EventRounds "11"]
[EventCountry "ENG"]
[SourceTitle "BritBase"]
[Source "John Saunders"]
[SourceDate "2025.03.03"]
[SourceVersion "1"]
[SourceVersionDate "2025.03.03"]
[SourceQuality "2"]

1. e4 g6 2. h4 Bg7 3. h5 gxh5 4. d4 d6 5. Nc3 Nf6 6. Bg5 Bg4 7. f3 Bd7 8. Bc4 Nc6 9. Nge2 e6 10. Nf4 Ne7 11. Qe2 e5 12. dxe5 dxe5 13. Bxf6 Bxf6 14. Nxh5 Nc6 15. O-O-O Nd4 16. Rxd4 exd4 17. Nd5 Be7 18. e5 Be6 19. Nhf6+ Bxf6 20. Nxf6+ Ke7 21. Bxe6 fxe6 22. Qe4 Qf8 23. Qxb7 Qc8 24. Qc6 Rb8 25. Qc5+ Kf7 26. Qxd4 c5 27. Qf4 Rb4 28. Ne4+ Ke7 29. Qf6+ Kd7 30. Rd1+ Kc6 31. Rd6+ Kb7 32. Rxe6 Ka8 33. Rc6 Qb8 34. Nxc5 Rxb2 35. Nb3 Rxa2 36. e6 Rf8 37. Qd4 Qb7 38. Qe4 Kb8 39. Nc5 Qb2+ 40. Kd2 Ra5 41. Nd7+ Kb7 42. Rb6+ Kc7 43. Rxb2 Rg8 44. Qb7+ Kd6 45. Qb4+ Kxe6 46. Qxa5 Rxg2+ 47. Ke3 Kxd7 48. Qa6 Rg6 49. Rb7+ Kc8 50. Qxa7 Re6+ 51. Kf2 Re2+ 52. Kxe2 h5 53. Rb8# 1-0

[Event "British Rapidplay"]
[Site "Peterborough"]
[Date "2025.03.02"]
[Round "7.57"]
[White "Bevis, Noah"]
[Black "Taylor, Robert Keith"]
[Result "1-0"]
[WhiteElo "1777"]
[BlackElo "1896"]
[PlyCount "91"]
[EventDate "2025.03.01"]
[EventType "swiss (rapid)"]
[EventRounds "11"]
[EventCountry "ENG"]
[SourceTitle "BritBase"]
[Source "John Saunders"]
[SourceDate "2025.03.03"]
[SourceVersion "1"]
[SourceVersionDate "2025.03.03"]
[SourceQuality "2"]

1. d4 d5 2. Bf4 Nf6 3. e3 e6 4. Nf3 Be7 5. c3 Nh5 6. Bg3 Nc6 7. Nbd2 a5 8. Bb5 Nxg3 9. hxg3 Bd7 10. Qc2 h6 11. a4 Nb8 12. Bxd7+ Nxd7 13. e4 O-O 14. O-O Ra6 15. Rfe1 f5 16. exd5 exd5 17. Ne5 Nxe5 18. Rxe5 Qd7 19. Rae1 Bd6 20. Re6 f4 21. gxf4 Bxf4 22. Rxa6 bxa6 23. Nf3 Qg4 24. Ne5 Re8 25. Qd3 Bxe5 26. Rxe5 Rxe5 27. dxe5 Qxa4 28. Qxd5+ Kf8 29. Qd8+ Kf7 30. Qxc7+ Ke6 31. Qd6+ Kf5 32. e6 Kf6 33. f4 Qe4 34. Qd4+ Qxd4+ 35. cxd4 Kxe6 36. Kf2 Kd5 37. Ke3 Kc4 38. Ke4 a4 39. d5 Kb3 40. d6 Kxb2 41. d7 a3 42. d8=Q a2 43. Qb6+ Kc2 44. Qxa6 Kb1 45. Kf5 a1=Q 46. Qxa1+ 1-0

[Event "British Rapidplay"]
[Site "Peterborough"]
[Date "2025.03.02"]
[Round "7.58"]
[White "Balmond, Tom"]
[Black "Nezis, Anastasios"]
[Result "1-0"]
[WhiteElo "1708"]
[BlackElo "1891"]
[PlyCount "75"]
[EventDate "2025.03.01"]
[EventType "swiss (rapid)"]
[EventRounds "11"]
[EventCountry "ENG"]
[SourceTitle "BritBase"]
[Source "John Saunders"]
[SourceDate "2025.03.03"]
[SourceVersion "1"]
[SourceVersionDate "2025.03.03"]
[SourceQuality "2"]

1. e4 c5 2. Nf3 d6 3. d4 cxd4 4. Nxd4 Nf6 5. Nc3 a6 6. a4 e5 7. Nf3 Be6 8. Be3 Be7 9. Bd3 Ng4 10. Bc1 O-O 11. O-O Nf6 12. Be3 Nbd7 13. a5 Rc8 14. h3 Nc5 15. Qd2 Qc7 16. Rfc1 Rfd8 17. Nd5 Bxd5 18. exd5 e4 19. b4 Ncd7 20. Re1 exf3 21. Bf5 fxg2 22. Bb6 Nxb6 23. axb6 Qxb6 24. Bxc8 Rxc8 25. Rxe7 Qb5 26. Rd1 h6 27. Qf4 Qb6 28. Qd4 Qxd4 29. Rxd4 Rxc2 30. Rxb7 Rb2 31. Rb6 Nd7 32. Rxd6 Ne5 33. Kxg2 Kf8 34. Rxa6 Ke7 35. d6+ Kd7 36. Ra7+ Ke6 37. d7 Nc6 38. Ra6 1-0

[Event "British Rapidplay"]
[Site "Peterborough"]
[Date "2025.03.02"]
[Round "7.59"]
[White "Mehta, Sophie"]
[Black "Patel, Keatan"]
[Result "0-1"]
[WhiteElo "1682"]
[BlackElo "1985"]
[PlyCount "66"]
[EventDate "2025.03.01"]
[EventType "swiss (rapid)"]
[EventRounds "11"]
[EventCountry "ENG"]
[SourceTitle "BritBase"]
[Source "John Saunders"]
[SourceDate "2025.03.03"]
[SourceVersion "1"]
[SourceVersionDate "2025.03.03"]
[SourceQuality "2"]

1. d4 d5 2. Bf4 Nf6 3. e3 e6 4. Nf3 Bd6 5. Bg3 O-O 6. c3 c5 7. Nbd2 Qc7 8. Bd3 Nbd7 9. O-O Bxg3 10. hxg3 e5 11. e4 dxe4 12. Nxe4 Nxe4 13. Bxe4 Nf6 14. Bc2 e4 15. Ng5 e3 16. fxe3 Qxg3 17. Rxf6 Qxe3+ 18. Rf2 Qxg5 19. dxc5 Bg4 20. Qd3 g6 21. b4 Rad8 22. Qc4 Be6 23. Qb5 Rd2 24. Qxb7 Rxf2 25. Kxf2 Qd2+ 26. Kg3 Bd5 27. c6 Qxg2+ 28. Kf4 Qxc2 29. b5 Qe4+ 30. Kg3 Qf3+ 31. Kh4 Qf2+ 32. Kg4 h5+ 33. Kg5 Qf5+ 0-1

[Event "British Rapidplay"]
[Site "Peterborough"]
[Date "2025.03.02"]
[Round "7.60"]
[White "Brocklehurst, Andrew"]
[Black "Beswick, Andrew"]
[Result "1-0"]
[WhiteElo "1856"]
[BlackElo "1560"]
[PlyCount "78"]
[EventDate "2025.03.01"]
[EventType "swiss (rapid)"]
[EventRounds "11"]
[EventCountry "ENG"]
[SourceTitle "BritBase"]
[Source "John Saunders"]
[SourceDate "2025.03.03"]
[SourceVersion "1"]
[SourceVersionDate "2025.03.03"]
[SourceQuality "2"]

1. e4 e5 2. Nf3 Nc6 3. Bb5 a6 4. Bxc6 dxc6 5. d3 Bd6 6. Qe2 Bg4 7. h3 Bh5 8. Be3 Ne7 9. Nbd2 f5 10. exf5 Nxf5 11. g4 Nxe3 12. Qxe3 Bf7 13. Nxe5 O-O 14. Nxf7 Rxf7 15. O-O-O Qd7 16. Kb1 Bf4 17. Qe4 Re8 18. Qc4 b5 19. Qb3 Kh8 20. Ne4 a5 21. Rhe1 a4 22. Nc5 Rxe1 23. Rxe1 Re7 24. Qc3 Qe8 25. Rxe7 Qxe7 26. Ne4 Qe6 27. Qd4 h6 28. f3 Be5 29. Qd8+ Kh7 30. a3 Qf7 31. g5 Qxf3 32. Qd7 Qf1+ 33. Ka2 Qf8 34. Qxc6 Qf7+ 35. c4 bxc4 36. Qxc4 Qf5 37. gxh6 Kxh6 38. h4 Qg4 39. Qd5 Qf4 1-0

[Event "British Rapidplay"]
[Site "Peterborough"]
[Date "2025.03.02"]
[Round "7.63"]
[White "De Sousa Muachikape, Jael"]
[Black "Ward, Andrew"]
[Result "0-1"]
[WhiteElo "1855"]
[BlackElo "1894"]
[PlyCount "108"]
[EventDate "2025.03.01"]
[EventType "swiss (rapid)"]
[EventRounds "11"]
[EventCountry "ENG"]
[SourceTitle "BritBase"]
[Source "John Saunders"]
[SourceDate "2025.03.03"]
[SourceVersion "1"]
[SourceVersionDate "2025.03.03"]
[SourceQuality "2"]

1. d4 d5 2. c4 e6 3. Nc3 a6 4. cxd5 exd5 5. Bf4 Nf6 6. e3 c5 7. dxc5 Bxc5 8. Nf3 O-O 9. Be2 Nc6 10. O-O d4 11. exd4 Nxd4 12. Nxd4 Qxd4 13. Qxd4 Bxd4 14. Bf3 Ra7 15. a4 Bg4 16. Bxg4 Nxg4 17. Rad1 Be5 18. Bxe5 Nxe5 19. Nd5 b5 20. a5 Nc6 21. b4 Rd8 22. Rfe1 Kf8 23. Rc1 Rxd5 24. Rxc6 g6 25. g3 Rd4 26. Rb1 Ke7 27. Kf1 Kd7 28. Rf6 Ke7 29. Rb6 Rd6 30. Rxd6 Kxd6 31. Rd1+ Ke5 32. Rd8 Rc7 33. Ra8 Rc6 34. Ra7 Rf6 35. Rb7 Kd5 36. Rc7 Kd6 37. Rb7 Kd5 38. Rc7 Kd6 39. Rc5 Rf5 40. Rc8 Rf6 41. Ke2 Kd5 42. f4 Rc6 43. Rxc6 Kxc6 44. Ke3 Kd5 45. Kd3 f5 46. h3 h6 47. g4 fxg4 48. hxg4 h5 49. f5 hxg4 50. fxg6 Ke6 51. g7 Kf7 52. g8=Q+ Kxg8 53. Ke3 Kf7 54. Kf4 Ke6 0-1

[Event "British Rapidplay"]
[Site "Peterborough"]
[Date "2025.03.02"]
[Round "7.65"]
[White "Hutchinson, Paul A"]
[Black "Sahoo, Shivam"]
[Result "1-0"]
[WhiteElo "2054"]
[BlackElo "1728"]
[PlyCount "155"]
[EventDate "2025.03.01"]
[EventType "swiss (rapid)"]
[EventRounds "11"]
[EventCountry "ENG"]
[SourceTitle "BritBase"]
[Source "John Saunders"]
[SourceDate "2025.03.03"]
[SourceVersion "1"]
[SourceVersionDate "2025.03.03"]
[SourceQuality "2"]

1. d4 Nf6 2. Bf4 d6 3. e3 g6 4. h3 Bg7 5. Nf3 O-O 6. Be2 a6 7. c4 c5 8. Nc3 Nbd7 9. O-O Nh5 10. Bh2 f5 11. Ng5 Ndf6 12. dxc5 dxc5 13. Qxd8 Rxd8 14. Rad1 Bd7 15. Bc7 Rdc8 16. Be5 Bc6 17. Ne6 b6 18. Bh2 Bd7 19. Nc7 Ra7 20. N7d5 Kf7 21. Nxb6 Rc6 22. Nxd7 Nxd7 23. Bf3 Rc8 24. g4 Nhf6 25. Rd2 h6 26. Rfd1 Nb6 27. Be2 e6 28. Rd6 Nbd7 29. Bf3 Bf8 30. R6d2 Nb6 31. b3 Nbd7 32. e4 Nb6 33. exf5 exf5 34. gxf5 gxf5 35. Rd8 Rxd8 36. Rxd8 Be7 37. Rd1 Nbd7 38. Bf4 Kg6 39. Kh2 Bf8 40. Bc6 Bg7 41. f3 Nf8 42. Rg1+ Kh7 43. Nd5 Nh5 44. Bd6 Ne6 45. Ne7 f4 46. Nf5 Bd4 47. Nxd4 Nxd4 48. Be4+ Kh8 49. Be5+ Ng7 50. Bxf4 h5 51. Be5 Nde6 52. Bd6 Rf7 53. Bd5 Rf6 54. Be5 Rh6 55. Bxe6 Rxe6 56. Bxg7+ Kh7 57. Bf8 Re2+ 58. Rg2 Re5 59. f4 Rf5 60. Bd6 a5 61. Be5 h4 62. Rg7+ Kh6 63. Rc7 Rh5 64. Rxc5 Kh7 65. Rxa5 Rf5 66. Ra7+ Kg6 67. c5 Kh6 68. c6 Kh5 69. c7 Rf8 70. Rb7 Kg6 71. Rb8 Rxb8 72. cxb8=Q Kf5 73. Qd6 Ke4 74. b4 Ke3 75. b5 Ke4 76. b6 Ke3 77. b7 Ke2 78. b8=Q 1-0

[Event "British Rapidplay"]
[Site "Peterborough"]
[Date "2025.03.02"]
[Round "7.66"]
[White "Iyengar, Ilya"]
[Black "Fisher, Neal"]
[Result "1-0"]
[WhiteElo "1979"]
[BlackElo "1713"]
[PlyCount "83"]
[EventDate "2025.03.01"]
[EventType "swiss (rapid)"]
[EventRounds "11"]
[EventCountry "ENG"]
[SourceTitle "BritBase"]
[Source "John Saunders"]
[SourceDate "2025.03.03"]
[SourceVersion "1"]
[SourceVersionDate "2025.03.03"]
[SourceQuality "2"]

1. d4 d5 2. Nf3 Nf6 3. c4 c6 4. e3 Bf5 5. cxd5 cxd5 6. Qb3 Qb6 7. Qxb6 axb6 8. Nc3 Nc6 9. Bb5 Bd7 10. O-O e6 11. Bd2 Be7 12. Rfc1 O-O 13. Ne5 Rfd8 14. Nxd7 Nxd7 15. Na4 Rac8 16. Rc2 Rc7 17. Rac1 Rdc8 18. Kf1 Kf8 19. f3 Ke8 20. Bd3 g6 21. Ke2 Kd8 22. g4 Nb4 23. Bxb4 Bxb4 24. h4 Rxc2+ 25. Rxc2 Rxc2+ 26. Bxc2 Kc7 27. Nc3 Bxc3 28. bxc3 f5 29. Ba4 Nf6 30. g5 Nd7 31. Kf2 Kd6 32. Kg3 Nf8 33. Kf4 e5+ 34. dxe5+ Ke6 35. a3 Nd7 36. Bxd7+ Kxd7 37. Kg3 b5 38. f4 Ke6 39. Kf2 b6 40. Ke2 Kd7 41. Kd3 Kc6 42. Kd4 1-0

[Event "British Rapidplay"]
[Site "Peterborough"]
[Date "2025.03.02"]
[Round "7.68"]
[White "Young, Daniel J"]
[Black "Barton, Ben"]
[Result "1-0"]
[WhiteElo "1975"]
[BlackElo "1857"]
[PlyCount "59"]
[EventDate "2025.03.01"]
[EventType "swiss (rapid)"]
[EventRounds "11"]
[EventCountry "ENG"]
[SourceTitle "BritBase"]
[Source "John Saunders"]
[SourceDate "2025.03.03"]
[SourceVersion "1"]
[SourceVersionDate "2025.03.03"]
[SourceQuality "2"]

1. e4 e5 2. Nf3 Nf6 3. d4 Nc6 4. dxe5 Ng4 5. Be2 Ngxe5 6. Nxe5 Nxe5 7. f4 Nc6 8. O-O Bc5+ 9. Kh1 d6 10. Nc3 a6 11. Nd5 Bd7 12. f5 Ne5 13. f6 g6 14. Bh6 c6 15. Ne7 d5 16. Bg7 Bxe7 17. fxe7 Kxe7 18. Bf6+ Kd6 19. Bxd8 Raxd8 20. exd5 cxd5 21. c4 Bc6 22. cxd5 Bxd5 23. Qe1 Rhe8 24. Rd1 Kc7 25. Qa5+ b6 26. Rc1+ Kb7 27. Qxa6+ Kb8 28. Qxb6+ Bb7 29. Rc7 Rd7 30. Qxb7# 1-0

[Event "British Rapidplay"]
[Site "Peterborough"]
[Date "2025.03.02"]
[Round "7.69"]
[White "Bowers, Francis J"]
[Black "Sriram, Gautam"]
[Result "1-0"]
[WhiteElo "1820"]
[BlackElo "1597"]
[PlyCount "131"]
[EventDate "2025.03.01"]
[EventType "swiss (rapid)"]
[EventRounds "11"]
[EventCountry "ENG"]
[SourceTitle "BritBase"]
[Source "John Saunders"]
[SourceDate "2025.03.03"]
[SourceVersion "1"]
[SourceVersionDate "2025.03.03"]
[SourceQuality "2"]

1. e4 d5 2. exd5 Qxd5 3. Nc3 Qa5 4. Nf3 Bf5 5. Bc4 Nf6 6. O-O e6 7. d3 c6 8. Re1 Bd6 9. Nd4 Bg6 10. Qe2 O-O 11. Bd2 Qc7 12. h3 Nbd7 13. Ne4 Nxe4 14. dxe4 e5 15. Nf5 Bxf5 16. exf5 Rae8 17. Rad1 Nb6 18. Bb3 Nd5 19. Qg4 Nf6 20. Qh4 Qe7 21. g4 e4 22. Bg5 Qe5 23. f4 Bc5+ 24. Kh1 Qxb2 25. Bxf6 Qxf6 26. Qxf6 gxf6 27. Rd7 b5 28. g5 fxg5 29. fxg5 e3 30. g6 hxg6 31. fxg6 Kg7 32. gxf7 Re5 33. Rg1+ Kf6 34. Rf1+ Kg5 35. Kg2 e2 36. h4+ Kg4 37. Re1 Bb4 38. Rd4+ Kh5 39. Rxb4 c5 40. Rxb5 Kxh4 41. Bc4 Rg5+ 42. Kf2 Rg4 43. Bxe2 Rxf7+ 44. Bf3 Rc4 45. Rh1+ Kg5 46. Rh5+ Kg6 47. Rhxc5 Ra4 48. Rg5+ Kh7 49. Rb1 Kh6 50. Rg3 Rh4 51. Rbg1 Rh2+ 52. R1g2 Rxg2+ 53. Rxg2 Rc7 54. Ke3 Rc3+ 55. Kf4 Rc4+ 56. Be4 Ra4 57. c3 Rc4 58. Rg6+ Kh5 59. Rg7 Rxe4+ 60. Kxe4 Kh6 61. Rg1 a5 62. Kf5 a4 63. a3 Kh7 64. Kf6 Kh8 65. Kf7 Kh7 66. Rh1# 1-0

[Event "British Rapidplay"]
[Site "Peterborough"]
[Date "2025.03.02"]
[Round "7.70"]
[White "Burton, Sean"]
[Black "Davies, Peter L"]
[Result "0-1"]
[WhiteElo "1806"]
[BlackElo "1895"]
[PlyCount "55"]
[EventDate "2025.03.01"]
[EventType "swiss (rapid)"]
[EventRounds "11"]
[EventCountry "ENG"]
[SourceTitle "BritBase"]
[Source "John Saunders"]
[SourceDate "2025.03.03"]
[SourceVersion "1"]
[SourceVersionDate "2025.03.03"]
[SourceQuality "2"]

1. e4 c5 2. Nf3 d6 3. d4 cxd4 4. Qxd4 Nc6 5. Bb5 Bd7 6. Qd3 Nf6 7. c4 g6 8. Nc3 Bg7 9. O-O O-O 10. h3 Rc8 11. Be3 a6 12. Bxc6 Bxc6 13. Nd4 Nd7 14. Rac1 Nc5 15. Qb1 b5 16. Nxc6 Rxc6 17. cxb5 axb5 18. Nxb5 Qa8 19. f3 Rb8 20. Nd4 Ra6 21. b4 Rxa2 22. b5 Qa3 23. Rce1 Nd3 24. Rd1 Nb2 25. Rde1 Nc4 26. Nc2 Qb2 27. Qxb2 Rxb2 28. Re2 0-1

[Event "British Rapidplay"]
[Site "Peterborough"]
[Date "2025.03.02"]
[Round "7.71"]
[White "Graff, Ben"]
[Black "Calvert, George"]
[Result "0-1"]
[WhiteElo "1800"]
[BlackElo "1740"]
[PlyCount "56"]
[EventDate "2025.03.01"]
[EventType "swiss (rapid)"]
[EventRounds "11"]
[EventCountry "ENG"]
[SourceTitle "BritBase"]
[Source "John Saunders"]
[SourceDate "2025.03.03"]
[SourceVersion "1"]
[SourceVersionDate "2025.03.03"]
[SourceQuality "2"]

1. e4 c5 2. Nc3 Nc6 3. g3 Nf6 4. Nge2 d5 5. exd5 Nxd5 6. Bg2 e6 7. O-O Be7 8. Nxd5 exd5 9. Nf4 d4 10. Re1 O-O 11. d3 Bf5 12. Nd5 Re8 13. Bf4 Rc8 14. Qf3 Be6 15. Nxe7+ Nxe7 16. Qxb7 Ng6 17. Qxa7 Nxf4 18. gxf4 Qh4 19. f5 Bxf5 20. Rxe8+ Rxe8 21. Qxc5 g6 22. Rf1 Qf4 23. Qc6 Re5 24. Qd6 Kg7 25. a4 Bh3 26. Qxe5+ Qxe5 27. Bxh3 Qc5 28. Rc1 Qg5+ 0-1